000 00728nam a2200193 i 4500
001 104787
003 ES-MaACL
005 20251001150400.0
007 t|
008 051212s1958 sp ||||1| spa d
100 1 _aMiralles de Imperial y Gómez, Claudio.
_981499
245 1 0 _aDel linaje y armas del primer cronista de Indias, el madrileño Gonzalo Fernández de Oviedo /
_cClaudio Miralles de Imperial y Gómez.
260 _aMadrid :
_b[s.n.],
_c1958.
300 _a25 h., 2 lám. ;
_c24 cm.
500 _aEs separata de la Revista de Indias. Año XVIII. Nº 71.- enero-marzo 1958.
600 1 4 _aFernández de Oviedo, Gonzalo,
_d1478-1557
_949702
852 _aES-MaACL
_j2000-F-6
_bR.41904
999 _c104787
_d104787